00857nam a2200253Ia 4500003000400000005001700004008004100021020001500062040001800077041000800095082002100103100002700124245003600151250001200187260003800199300002700237650002500264651003800289651003100327651003300358942003000391999001900421952016300440OSt20230728143356.0210716s2006 xx 000 0 und d a8174464824 cAIMIT LIBRARY aeng a346.07 23bGULS aGulshan, S S.9128849 aBusiness law /cBy S S Gulshan. a3rd ed. aNew Delhi :bExcel Books ,c2006. aix,723p. ;bPBc23.8cm aBusiness Law9128850 aMeaning and nature of law9128851 aContract of agency9128852 aLaw of sale of goods9128853 2ddccBKe3rdk346.07 GULS c201764d201764 00102ddc40708MBAaAIMITbAIMITd2007-03-12g350.00iBill no:463; Bill dt:2007-03-03l0o346.07 GULSpMBA04330r2026-05-23 00:00:00v280.00w2021-07-16yBK